Growth Effects of Income and Consumption Taxes Positive and Normative Analysis

Na minha lista:
Detalhes bibliográficos
Autor principal: Milesi-Ferretti, Gian Maria
Outros Autores: Roubini, Nouriel
Formato: Livro
Idioma:inglês
Publicado em: Washington International Monetary Fund 1995
Edição:1. ed.
Colecção:IMF Working Paper 62
Assuntos:
Tags: Adicionar Tag
Sem tags, seja o primeiro a adicionar uma tag!

MARC

LEADER 00000nam a2200000 4500
001 c014839
005 20221221080150.0
041 0 |a eng 
044 |a US 
245 1 0 |a Growth Effects of Income and Consumption Taxes  |b Positive and Normative Analysis  |c Gian Maria Milesi-Ferretti, Nouriel Roubini 
250 |a 1. ed. 
264 1 |a Washington  |b International Monetary Fund  |c 1995 
300 |a 33 s. 
490 1 |a IMF Working Paper  |v 62 
830 0 |a IMF Working Paper  |v 62 
610 2 0 |a dane 
610 2 0 |a dane z príjmov 
610 2 0 |a dane spotrebné 
610 2 0 |a analýzy 
100 1 |a Milesi-Ferretti, Gian Maria 
700 1 |a Roubini, Nouriel